Socio-economic aspects of late Roman mosaic pavements in Phoenicia and Northern Palestine /

محفوظ في:

المؤلف الرئيسي: Merrony, Mark W. (مؤلف)

التنسيق: كتاب

اللغة: English

منشور في: Oxford : Archaeopress, 2013.

سلاسل: BAR International Series ; 2530.

الموضوعات:

الوسوم: إضافة وسم

لا توجد وسوم, كن أول من يضع وسما على هذه التسجيلة!

رقم الطلب: NA3770 .M477 2013

LEADER 01277namaa2200337 4500
001 25331
003 OSt
005 20250907102119.0
008 130303s2013 enkab bc 001 0 eng d
010 |a 2013412331 
020 |a 9781407311487 
040 |c ARCE Library 
043 |a awba---  |a awgz--- 
050 4 |a NA3770 .M477 2013 
100 1 |a Merrony, Mark W.,   |e author 
245 1 0 |a Socio-economic aspects of late Roman mosaic pavements in Phoenicia and Northern Palestine /   |c Mark Merrony. 
264 1 |a Oxford :   |b Archaeopress,   |c 2013. 
300 |a 289 pages :   |b illustrations (black and white, and colour), maps (black and white) ;   |c 30 cm. 
490 1 |a BAR International Series ;   |v 2530. 
500 |a "The present book began its life as an Oxford DPhil thesis, completed in 2000"--Acknowledgements. 
504 |a Includes bibliographical references and index. 
650 0 |a Mosaics, Roman  |x Economic aspects  |z Palestine. 
650 0 |a Mosaics, Roman  |x Social aspects  |z Palestine. 
650 0 |a Pavements, Mosaic  |z Palestine  |v Catalogs. 
651 0 |a Phoenicia  |x Antiquities. 
651 0 |a Palestine  |x Antiquities. 
651 0 |a Palestine  |x History  |y 70-638. 
830 0 |a BAR International Series ;   |v 2530. 
901 |a reviewed 
942 |c BK  |2 lcc 
999 |c 23761  |d 23761